| 000 | 00561nam a22001337a 4500 | ||
|---|---|---|---|
| 020 | _a9789960897547 | ||
| 040 | _cNUST | ||
| 082 | _a297.122 ATL | ||
| 100 |
_aAbu Khalil, Shawqi _9113222 |
||
| 245 |
_aAtlas of the Qurʼân: Places, Nations, Landmarks: _bAn Authentic Collection of the Qurʼânic Information with Maps, Tables and Pictures |
||
| 260 |
_aRiyadh: _bDarussalam, _c2003. |
||
| 650 |
_aAtlas of the Qurʼân Places, Nations, Landmarks An Authentic Collection of the Qurʼânic Information with Maps, Tables and Pictures _9113223 |
||
| 942 |
_2ddc _cBK |
||
| 999 |
_c594977 _d594977 |
||